Statistics for Impossible The Office (US) Quiz

Click here to take the quiz!

General Stats

  • This quiz has been taken 7,288 times
    (7,211 since last reset)
  • The average score is 10 of 15

Answer Stats

HintAnswer% Correct
In the pilot, where did Jim put Dwight's stapler?In Jello
98%
Who says "That's what she said"?Michael Scott
87%
Who did Michael go to Sandals Jamaica with?Jan
85%
The last person to see Michael before he leaves Scranton is _____.Pam
83%
"Un-shun" Who shuns Andy? "Re-shun"Dwight
82%
What's Dwight's middle name?Kurt
78%
On Casual Friday, Angela can't stand to look at Oscar's _______.Feet
71%
Jim gives Andy a hint to where it may be by saying "Maybe it's in the ceiling?"Andy's cell phone
70%
"Hoo, my dogs love peeing in that snow!"Jo
68%
How much did Jim spend on his Dwight costume?$11
57%
In "Take Your Daughter to Work Day", Toby talks to Michael, who decides to start online dating with the username ________.Little Kid Lover
54%
What website did Michael use to find a job after quitting Dunder Mifflin? (*Hint: It's singular*)Monster.com
47%
Who taped the footage of Scranton used in the title sequence?John Krasinski
33%
According to Michael, green M&M's are "Nature's ______".Viagra
32%
Erin's last job before becoming secretary at Dunder Mifflin was at a ______________.Taco Bell Express
23%

Score Distribution

Percentile by Number Answered

Percent of People with Each Score

Your Score History

You have not taken this quiz since the last reset